000 00523nam a22001937 4500
999 _c1234
_d1234
003 AR-BaISA
005 20221219134145.0
007 ta
008 221219s2003 ag ado|| |||| 000 0 spa d
020 _a8481746320
040 _bspa
_cAR-BaISA
082 0 4 _222
_aR610.3 M85
245 _aDiccionario Mosby:
_bmedicina, enfermería y ciencias de la salud
250 _a6ª ed.
260 _aMadrid:
_bElsevier,
_c2003
300 _a2 v.:
_bil., fotos, gráfs.
650 1 0 _976
_aMedicina
_vdiccionarios
942 _2ddc
_cLI
_e22